| 000 | 00349nam a2200133Ia 4500 | ||
|---|---|---|---|
| 008 | 150202s9999 xx 000 0 und d | ||
| 020 | _a671698141 | ||
| 050 |
_aFIC _bFIC |
||
| 100 | _aCaidin, Martin. | ||
| 245 |
_aPrison ship / _cMartin Caidin |
||
| 260 |
_aNew York : _bBaen Books, _c1989. |
||
| 300 |
_a596 pages : _c18 cm. |
||
| 650 | _aFiction. | ||
| 999 |
_c281907 _d281907 |
||